| 000 | 00546nam a2200181Ia 4500 | ||
|---|---|---|---|
| 999 |
_c28735 _d28735 |
||
| 005 | 20240530101924.0 | ||
| 008 | 140319s9999 xx 000 0 ara d | ||
| 017 | _bمصر. دار الكتب | ||
| 040 |
_aGCL / _cGCL |
||
| 082 | 0 | 4 |
_a301.24 _bع غ _221 |
| 100 | 1 | _aعزيز الحاج | |
| 245 | 1 | 2 |
_aالغزو الثقافى ومقاومته _cعزيز الحاج |
| 260 |
_aبيروت : _bالمؤسسة العربية للدراسات والنشر، _c1983 |
||
| 300 | _a194 ص | ||
| 650 | _2qrmak | ||
| 651 | _2qrmak | ||
| 942 |
_2ddc _cBK |
||